Dolls : (Record no. 12069)
[ view plain ]
| 000 -LEADER | |
|---|---|
| fixed length control field | 00520nam a22002057a 4500 |
| 003 - CONTROL NUMBER IDENTIFIER | |
| control field | PILC |
| 005 - DATE AND TIME OF LATEST TRANSACTION | |
| control field | 20151020154249.0 |
| 008 - FIXED-LENGTH DATA ELEMENTS--GENERAL INFORMATION | |
| fixed length control field | 130320t xxu||||| |||| 00| 0 eng d |
| 020 ## - INTERNATIONAL STANDARD BOOK NUMBER | |
| International Standard Book Number | 0516235303 |
| 050 ## - LIBRARY OF CONGRESS CALL NUMBER | |
| Classification number | NK 4893 |
| Item number | .H59 2000 |
| 082 ## - DEWEY DECIMAL CLASSIFICATION NUMBER | |
| Classification number | NK4893 |
| Item number | .H59 2000 |
| 100 ## - MAIN ENTRY--PERSONAL NAME | |
| Personal name | Hooks, Kristine |
| 9 (RLIN) | 21590 |
| 245 ## - TITLE STATEMENT | |
| Title | Dolls : |
| Statement of responsibility, etc | Kristine Hooks |
| Remainder of title | cool collectibles / |
| 260 ## - PUBLICATION, DISTRIBUTION, ETC. (IMPRINT) | |
| Place of publication, distribution, etc | New York |
| Name of publisher, distributor, etc | Children's Press |
| Date of publication, distribution, etc | 2000. |
| 300 ## - PHYSICAL DESCRIPTION | |
| Extent | 48 p. |
| Dimensions | 22 cm |
| 526 ## - STUDY PROGRAM INFORMATION NOTE | |
| Reading level | 860L-920L |
| 562 ## - COPY AND VERSION IDENTIFICATION NOTE | |
| Number of copies | 1 |
| 942 ## - ADDED ENTRY ELEMENTS (KOHA) | |
| Source of classification or shelving scheme | Library of Congress Classification |
| Koha item type | Books |
| Withdrawn status | Lost status | Source of classification or shelving scheme | Damaged status | Home library | Current library | Shelving location | Date acquired | Total Checkouts | Full call number | Barcode | Date last seen | Copy number | Price effective from | Koha item type |
|---|---|---|---|---|---|---|---|---|---|---|---|---|---|---|
| Library of Congress Classification | Luxembourg Library | Luxembourg Library | Grade School Section | 09/25/2013 | NK 4893 .H59 2000 | 14378 | 02/04/2015 | 1 | 09/25/2013 | Books |